• 首页
  • 本馆介绍
  • 公告通知
  • 最新文献
  • 馆藏检索
  • 电子资源
  • 读者导购
  • 参考咨询
  • 我的图书馆
  • 登录
  • 详细信息显示
  • 放入我的书架
  • 预约/预借图书
  • 作者相关作品
  • 分类相关作品
  • 丛书相关作品
  • 出版社相关作品

书目信息

  • 表格格式
  • 工作单格式
  • 卡片格式
题名:
新《食品安全法》如何影响你我生活
    
 
作者: 吴景明 主编
分册:  
出版信息: 北京   人民出版社  2015
页数: 241页
开本: 22cm
丛书名: “百姓生活与法”系列
单 册:
中图分类: D922.164
科图分类:
主题词: 食品卫生法--Shi Pin Wei Sheng Fa--基本知识--中国
电子资源:
ISBN: 978-7-01-015398-8
000 00920nam0 22002531 450
001 0101082550
005 20161201102020.07
010    @a978-7-01-015398-8@dCNY38.00
100    @a20160129d2015 em y0chiy50 ea
101 0  @achi
102    @aCN@b110000
105    @ay z 000yy
106    @ar
200 1  @a新《食品安全法》如何影响你我生活@AXin Shi Pin An Quan Fa Ru He Ying Xiang Ni Wo Sheng Huo@f吴景明主编
210    @a北京@c人民出版社@d2015
215    @a241页@d22cm
225 2  @a“百姓生活与法”系列@ABai Xing Sheng Huo Yu Fa Xi Lie
330    @a本书对2009年《食品安全法》进行了回顾,分析了旧法存在的问题,同时对新法进行评析,重点了解新法修改的亮点。
461  0 @12001 @a“百姓生活与法”系列
606 0  @a食品卫生法@AShi Pin Wei Sheng Fa@x基本知识@y中国
690    @aD922.164@v5
701  0 @a吴景明@AWu Jing Ming@f(1961~)@4主编
801  0 @aCN@bTANGWEI@c20161128
905    @b0952536-40@dD922.164@e1464@f5
    
    新《食品安全法》如何影响你我生活/吴景明主编.-北京:人民出版社,2015
    241页;22cm.-(“百姓生活与法”系列)
    
    
    ISBN 978-7-01-015398-8:CNY38.00
    本书对2009年《食品安全法》进行了回顾,分析了旧法存在的问题,同时对新法进行评析,重点了解新法修改的亮点。
●
相关链接 在E读中查询图书 在五车中查询图书 在当当中查询图书 在豆瓣中查询图书


正题名:新《食品安全法》如何影响你我生活     索取号:D922.164/1464         预约/预借

序号 登录号 条形码 馆藏地/架位号 状态 备注
1 0952536   209525361   第一样本阅览室/ [索取号:D922.164/1464] 在馆    
2 0952537   209525370   第一借阅区/ [索取号:D922.164/1464] 在馆    
3 0952538   209525389   第一借阅区/ [索取号:D922.164/1464] 在馆    
4 0952539   209525398   第一借阅区/ [索取号:D922.164/1464] 在馆    
5 0952540   209525405   第一借阅区/ [索取号:D922.164/1464] 在馆    
唐山师范学院图书馆 欢迎您!
大连网信软件有限公司© 版权所有